Bilecik Bilecik Bilecik Bilecik Bilecik

Araştırmanın alfabesi: yeni başlayanlar için ve yeniden başlamak isteyenler için akademi kültürü/ (Record no. 72535)

MARC details
000 -BAŞLIK
Sabit Uzunluktaki Kontrol Alanı 02514nam a22004097a 4500
001 - KONTROL NUMARASI
Control Dosyası 0071781
003 - KONTROL NUMARASI KİMLİĞİ
Kontrol Alanı KOHA_MİRAKIL
005 - EN SON İŞLEM TARİHİ ve ZAMANI
Kontrol Alanı 20260207005026.0
007 - FİZİKSEL TANIM SABİT ALAN - GENEL BİLGİ
Sabit uzunluklu kontrol alanı ta
008 - SABİT UZUNLUKTAKİ VERİ ÖGELERİ - GENEL BİLGİ
Sabit Alan 240913b2021 tu |||gr||||#0|||0|tur |
020 ## - ISBN - ULUSLARARASI STANDART KİTAP NUMARASI
Isbn 9786057058072
040 ## - KATALOGLAMA KAYNAĞI
Özgün Kataloglama Kurumu TR-BiSEU
Kataloglama Dili tur
Çeviri Kurumu TR-BiSEU
Açıklama Kuralları rda
041 0# - DİL KODU
Metin ya da ses kaydının dil kodu tur
044 ## - YAYINLAYAN/ÜRETEN KURULUŞUN ÜLKE KODU
ISO country code tu
050 ## - SINIFLAMA ve YER NUMARASI
Sınıflama Numarası H62
Yer Numarası .R36 2021
100 1# - KİŞİ ADI
Yazar Adı (Kişi adı) Ramazan, Yasin.
245 1# - ESER ADI BİLDİRİMİ
Başlık Araştırmanın alfabesi: yeni başlayanlar için ve yeniden başlamak isteyenler için akademi kültürü/
Sorumluluk Bildirimi Yasin Ramazan ; Yasin Ramazan.
264 #1 - ÜRERİM, YAYIN, DAĞITIM ve TELİF BİLDİRİMİ
Yayın yeri İstanbul :
Yayınlayan Babil Kitap
Yayın tarihi 2021
300 ## - FİZİKSEL TANIMLAMA
Sayfa, Cilt vb. 193 sayfa; 21 cm.
336 ## - İÇERİK TÜRÜ
Content type term metin
Content type code txt
Source rdacontent
337 ## - MEDYA TÜRÜ
Media type term aracısız
Media type code n
Source rdamedia
338 ## - TAŞIYICI TÜRÜ
Carrier type term cilt
Carrier type code nc
Source rdacarrier
490 1# - DİZİ BİLDİRİMİ
Dizi Bildirimi Babil Kitap ;
Cilt Numarası 30.
490 1# - DİZİ BİLDİRİMİ
Dizi Bildirimi Felsefe ve Bilim dizisi ;
Cilt Numarası 11
500 ## - GENEL NOT
Genel Not Kaynakça ve dizin var.
505 ## - İÇİNDEKİLER NOTU
İçindekiler Notu "Araştırmanın Alfabesi, bir araştırma yöntemi kitabı değil. Size çalıştığınız alanda izlemeniz beklenen biçimsel yöntemleri öğretmeyi hedeflemiyor. Bir yöntem bulmadan önce veya bulmaya uğraşırken, çalışmayı ilerletecek anlayışı nasıl kazanacağınıza odaklanıyor. Pek çok profesyonel araştırmacı tez yazarken, makale yazarken, sunum hazırlarken kimi basit noktaları gözden kaçırdığı için harcadığı emeğin çok altında verim alır. O yüzden yöntemi bilmek, akademik araştırma yapmak için çoğu zaman yeterli değildir. Çoğu kez bu işi yapa yapa öğrenmemiz beklenir, ancak akademik okuma-yazma bir zanaat olarak belirli bir uygulamayla gelişiyor diye, onun önbilgiden ve tecrübeden bağımsız olduğunu söylememiz doğru olmaz. Araştırma yapmak ve akademik bilgi üretmek, bizim doğal bir yeteneğimiz değil; insanlığın tarih boyunca edindiği tecrübeleriyle şekillenen bir gelenek. Araştırmanın Alfabesi de bu geleneğe eklemlenmek için gerekli tüm püf noktalarını aktarıyor."
650 #0 - KONU BAŞLIĞI EK GİRİŞ - KONU TERİMİ
Konusal terim veya coğrafi ad Bilimsel araştırma.
9 (RLIN) 127679
650 #0 - KONU BAŞLIĞI EK GİRİŞ - KONU TERİMİ
Konusal terim veya coğrafi ad Araştırma--Metodoloji.
9 (RLIN) 1997
650 #0 - KONU BAŞLIĞI EK GİRİŞ - KONU TERİMİ
Konusal terim veya coğrafi ad Bilimsel araştırma--Yöntemler.
9 (RLIN) 142101
650 #0 - KONU BAŞLIĞI EK GİRİŞ - KONU TERİMİ
Konusal terim veya coğrafi ad Neden, nasıl, neyi araştırıyoruz?
9 (RLIN) 142102
650 #0 - KONU BAŞLIĞI EK GİRİŞ - KONU TERİMİ
Konusal terim veya coğrafi ad Akademik okuma--Akademik yazım.
9 (RLIN) 142103
650 #0 - KONU BAŞLIĞI EK GİRİŞ - KONU TERİMİ
Konusal terim veya coğrafi ad Scientific research.Research--Methodology.Scientific research--Methods.Why, how, what do we research?Academic reading--Academic writing.
9 (RLIN) 142104
830 1# - SERİ EK GİRİŞİ - TEKBİÇİM ESER ADI
Tekbiçim Başlık Babil Kitap ;
Volume number/sequential designation 30.
9 (RLIN) 142105
830 1# - SERİ EK GİRİŞİ - TEKBİÇİM ESER ADI
Tekbiçim Başlık Felsefe ve Bilim dizisi ;
Volume number/sequential designation 11
9 (RLIN) 142106
907 ## - LOCAL DATA ELEMENT G, LDG (RLIN)
a Eğitim
942 ## - EK GİRİŞ ÖGELERİ (KOHA)
Source of classification or shelving scheme Library of Congress Classification
Koha item type Book
Holdings
Materyal Türü Kalıcı Konum Mevcut Konum Raf Yeri Sınıflandırma Kaynağı Edinim Bilgisi Ana Konular Alt Konular Yer Numarası Demirbaş Numarası Fatura Tarihi Geri Çekilme Durumu Kayıp Durumu Hasarlı Durumu Kredi için değil Kayıt Tarih Toplam Ödünçverme Son Görülme Tarihi Son Kontrol Tarihi
Book Prof. Dr. Azmi Özcan Kütüphanesi Prof. Dr. Azmi Özcan Kütüphanesi Uluğbey Salonu Library of Congress Classification Satın SOSYAL BİLİMLER Sosyal Bilimler (Genel) H62 .R36 2021 0071781 02/02/2026         13/09/2024   17/03/2025 17/03/2025